000 00689nam a22002057a 4500
003 OSt
005 20221007170052.0
008 221007b |||||||| |||| 00| 0 eng d
020 _a1 870814 967
040 _cBiblioteca Lado V
082 _a731.4
_bH582l
100 _9123
_aHezog, Hans-Michael
_ecurador
245 _aLanglands & Bell/
260 _aNew York
_aLondon
_bSerpent Gallery London
_bGrey Art Gallery New York
_c1997
300 _a148p.
_c23x28cm
650 _2Tesauro de Arte & Arquitectura
_aESCULTURA
650 _2Tesauro de Arte & Arquitectura
_aARQUITECTURA
650 _2Tesauro de Arte & Arquitectura
_aDISENO
942 _2ddc
_c1
_h731.4
_iH582l
_n0
999 _c2236
_d2236